000 00311nam a22001457a 4500
008 230130b ||||| |||| 00| 0 eng d
020 _a9780763765293
041 _aeng
080 _a61
082 _a61SHA
100 _a4
101 _aMJEKSI
245 _aINTERNATIONAL HEALTH
_cSHARMA M
942 _2udc
_cBK
999 _c59295
_d59295